000 00264nam a2200109Ia 4500
008 220204s9999 xx 000 0 und d
082 _a82-3
_bWOU
100 _aWouk, H
245 0 _aDon's stop the carnival
260 _aGlasgow
_bWilliam Collins
_c1965
942 _cBK
999 _c29276
_d29276